Statystyki dla Największy państw w ...

Kliknij tutaj aby rozwiązać quiz!

Ogólne statystyki

  • Ten quiz został rozwiązany 358 razy
  • Średni wynik to 16 z 24

Statystyki odpowiedzi

Największy w ...Kraj% Poprawnych
EuropaRosja
100%
Ameryka PółnocnaKanada
99%
Ameryka PołudniowaBrazylia
98%
OceaniaAustralia
97%
AzjaRosja
96%
Południowa AzjaIndie
88%
SkandynawiaSzwecja
87%
Unia EuropejskaFrancja
85%
AfrykaAlgieria
84%
Kraje „-Stan”Kazachstan
77%
Bliski WschódArabia Saudyjska
73%
NATOKanada
73%
BeneluksHolandia
71%
KaraibyKuba
68%
Kraje bałtyckieLitwa
63%
Kraj hiszpańskojęzycznyArgentyna
60%
Kraj perskojęzycznyIran
60%
Kraj anglojęzycznyKanada
59%
Kraj mówiący po wuChiny
50%
Kraj arabskojęzycznyAlgieria
48%
Kraj francuskojęzycznyKanada
45%
OPECAlgieria
17%
Kraj mówiący po amharskuEtiopia
14%
Kraj mówiący po igboNigeria
12%

Rozkład punktacji

Percentyl według liczby udzielonych odpowiedzi

Procent ludzi z każdym wynikiem

Twoja historia wyników

Nie rozwiązałeś tego quizu